Blow Kaaris - Statistiques

Statistiques générales
  • Ce quiz a été pris 8 fois
  • Le résultat moyen est 184 sur 335
Statistiques - réponses
Réponse % Correct
2.7
100%
à
100%
a
100%
avion
100%
comme
100%
d'
100%
de
100%
je
100%
l'
100%
Pablo
100%
plane
100%
9
67%
année
67%
ça
67%
cavu
67%
cherche
67%
dans
67%
dégage
67%
fait
67%
grosse
67%
la
67%
67%
le
67%
leur
67%
m'
67%
ma
67%
n'
67%
nez
67%
oblige
67%
on
67%
ou
67%
oui
67%
ouin
67%
pas
67%
penal'
67%
penalty
67%
racaille
67%
salut
67%
SAMU
67%
sous
67%
ton
67%
tout
67%
toute
67%
vue
67%
Adam
33%
amné
33%
autonomie
33%
avant
33%
bails
33%
Ben
33%
Beyoncé
33%
bibi
33%
Big
33%
bitch
33%
Bitch
33%
blow
33%
Blow
33%
bombe
33%
bonne
33%
ce
33%
coeur
33%
couilles
33%
cramé
33%
crois
33%
croque
33%
déjà
33%
des
33%
dit
33%
dozo
33%
elle
33%
encaisse
33%
endolori
33%
ergonomie
33%
est
33%
euq'
33%
faire
33%
fais
33%
fanée
33%
fiancé
33%
fou
33%
fouffe
33%
fuck
33%
guédra
33%
guerre
33%
hardeur
33%
heure
33%
il
33%
jactes
33%
j'ai
33%
Kaaris
33%
lâche
33%
larguer
33%
loup
33%
l'uc
33%
me
33%
même
33%
mes
33%
mettre
33%
millimètres
33%
millis
33%
mitaine
33%
moi
33%
mon
33%
parle
33%
parler
33%
penses
33%
plus
33%
pomme
33%
pour
33%
pressé
33%
pute
33%
qu'
33%
que
33%
qui
33%
rafale
33%
reste
33%
sait
33%
sensible
33%
si
33%
soeur
33%
street
33%
suis
33%
ta
33%
t'as
33%
te
33%
toi
33%
touche
33%
toucher
33%
trouvé
33%
tu
33%
tuer
33%
un
33%
une
33%
unfollow
33%
va
33%
vais
33%
veux
33%
vrais
33%
zongo
33%
brolique
0%
clio
0%
combattu
0%
Enola
0%
gay
0%
'lars
0%
lit
0%
peur
0%
ramener
0%
trios
0%
Aucun quiz correspondant
Distribution des résultats
% des personnes avec chaque résultat
Percentile par nombre de réponses
Votre historique - résultats
Vous n’avez pas pris ce quiz